000 00702nam a22002537a 4500
003 UA-OsUOA
001 89685
007 ta
008 20121108b un ||||| |||| 00| 0 ukr d
100 _aІваньо В.
700 _aУральський Л.
090 _a821.161.2
_bІ - 23
942 _cBK
040 _aUA-OsUOA
_bukr
_cUA-OsUOA
_dUA-OsUOA
245 _aВисота героя
_bдокументальна повість
300 _a100 с.
955 _a3
041 _aukr
080 _a821.161.2
020 _a5-7757-0109-7
260 _aУжгород
_bКарпати
_c1989
650 7 _a82 Література. Літературознавство
_2UDC
999 _c375967
_d375967